| 000 | 01143cam a2200313 i 4500 | ||
|---|---|---|---|
| 001 | 17948563 | ||
| 003 | NUST - PNEC | ||
| 005 | 20170116181204.0 | ||
| 008 | 131120t20152015ctua 001 0 eng | ||
| 010 | _a 2013955952 | ||
| 020 | _a9781285852744 (paperback) | ||
| 020 | _a1285852745 (paperback) | ||
| 040 | _cLIBRARY | ||
| 042 | _apcc | ||
| 050 | 0 | 0 |
_aQA76.73.C153 _bM268 2013 |
| 082 | 0 | 0 |
_a005.133 MAL _223 |
| 100 | 1 | _aMalik, D. S. | |
| 245 | 1 | 0 |
_aC++ programming : from problem analysis to program design / _cD.S. Malik. |
| 246 | 3 | _aC plus plus programming | |
| 250 | _aSeventh edition. | ||
| 260 |
_aStamford _bCengage Learning _cc.2015 |
||
| 300 |
_axlvi, 1440 pages : _bcolor illustrations ; _c24 cm |
||
| 500 | _aIncludes index. | ||
| 650 | 0 |
_aC++ (Computer program language) _xMIS, Computer, ME |
|
| 856 | _uhttp://www.amazon.com/Programming-Problem-Analysis-Program-Design/dp/1285852745/ref=sr_1_1?s=books&ie=UTF8&qid=1456057368&sr=1-1&keywords=9781285852744 | ||
| 906 |
_a7 _bcbc _corignew _d2 _eepcn _f20 _gy-gencatlg |
||
| 942 |
_2ddc _cBK |
||
| 999 |
_c71552 _d71552 |
||